| 000 | 00386nam a2200145Ia 4500 | ||
|---|---|---|---|
| 008 | 100122s9999 xx 000 0 und d | ||
| 082 |
_b68821 _a150 |
||
| 100 | _aSHARMA ROBIN S | ||
| 245 | _aTHE MONK WHO SOLD HIS FERRARI | ||
| 260 |
_bJAICO ENTERPRISE _c2004 |
||
| 300 | _a198 | ||
| 630 | _aTHE MONK WHO SOLD HIS FERRARI | ||
| 730 | _aTHE MONK WHO SOLD HIS FERRARI | ||
| 942 | _cBOOK | ||
| 999 |
_c381486 _d381483 |
||